सौदामिनी / (Record no. 115198)

MARC details
000 -LEADER
fixed length control field 01101nam a22002537a 4500
005 - DATE AND TIME OF LATEST TRANSACTION
control field 20170124103020.0
010 ## - LIBRARY OF CONGRESS CONTROL NUMBER
LC control number B-002732
020 ## - INTERNATIONAL STANDARD BOOK NUMBER
Terms of availability 200.00
035 ## - SYSTEM CONTROL NUMBER
System control number B-002732
037 ## - SOURCE OF ACQUISITION
Source of stock number/acquisition Cen Lib/Ret
040 ## - CATALOGING SOURCE
Original cataloging agency DPL
Language of cataloging HN
082 ## - DEWEY DECIMAL CLASSIFICATION NUMBER
Classification number
Item number मुखोपा
100 ## - MAIN ENTRY--PERSONAL NAME
Personal name मुखोपाध्याय, विभूति भूषण
9 (RLIN) 55176
245 ## - TITLE STATEMENT
Title सौदामिनी /
Statement of responsibility, etc विभूति भूषण मुखोपाध्याय
246 ## - VARYING FORM OF TITLE
Title proper/short title Saudamini /
Remainder of title by Vibhuti Bhushan Mukhopadhayay
260 ## - PUBLICATION, DISTRIBUTION, ETC. (IMPRINT)
Place of publication, distribution, etc नई दिल्ली
Name of publisher, distributor, etc एस. के. पब्लिशर्स
Date of publication, distribution, etc 2000
270 ## - ADDRESS
Address ए-47, अमर कॉलोनी, लाजपत नगर
City नई दिल्ली
Postal code 110024
300 ## - PHYSICAL DESCRIPTION
Extent 215पृ.
Dimensions 21सेमी (सजिल्द )
650 ## - SUBJECT ADDED ENTRY--TOPICAL TERM
Topical term or geographic name as entry element हिंदी साहित्य
General subdivision
Geographic subdivision
9 (RLIN) 104900
650 ## - SUBJECT ADDED ENTRY--TOPICAL TERM
Topical term or geographic name as entry element हिंदी साहित्य--कहानियां
Form subdivision
9 (RLIN) 104901
650 ## - SUBJECT ADDED ENTRY--TOPICAL TERM
Topical term or geographic name as entry element Hindi literature
9 (RLIN) 104902
650 ## - SUBJECT ADDED ENTRY--TOPICAL TERM
Topical term or geographic name as entry element Hindi literature--Stories
9 (RLIN) 104903
942 ## - ADDED ENTRY ELEMENTS (KOHA)
Source of classification or shelving scheme Dewey Decimal Classification
Koha item type Hindi Books
Classification part
Call number suffix मुखोपा
Holdings
Withdrawn status Lost status Damaged status Not for loan Home library Current library Date acquired Source of acquisition Cost, normal purchase price Total Checkouts Full call number Barcode Date last seen Copy number Cost, replacement price Price effective from Koha item type Public note Source of classification or shelving scheme Collection code Shelving location
Written off       Central Library Central Library 19/08/2015 Cen Lib/Ret 200.00   क मुखोपा B-002732 19/08/2015 1 200.00 19/08/2015 Hindi Books Written off on approval by DLB (By Circulation); dtd 15-06-2023      
        Patel Nagar Patel Nagar 15/09/2000 BPPD/PUB 200.00   क मुखोपा B-002736 28/02/2020 1 200.00 28/02/2020 Hindi Books   Dewey Decimal Classification Fiction Fiction

© Delhi Public Library
Hit Counter
free hit counter